| 000 | 00736nam a2200253 i 4500 | ||
|---|---|---|---|
| 001 | 6937 | ||
| 003 | ES-MaACL | ||
| 005 | 20230906145127.0 | ||
| 007 | t| | ||
| 008 | 900713s1989 sp ||||1| spa d | ||
| 020 | _a84-345-8246-5 | ||
| 080 | _a574.2 | ||
| 080 | _a574.9 | ||
| 100 | 1 |
_aAttenborough, David. _923770 |
|
| 245 | 1 | 3 |
_aEl Planeta viviente / _cDavid Attenborough. |
| 260 |
_aBarcelona : _bSalvat, _c1989. |
||
| 300 |
_aVII, 242 p., [50] p. de lam. ; _c19 cm. |
||
| 490 | 1 |
_aBiblioteca científica Salvat ; _v77 |
|
| 650 | 1 | 4 |
_aBiosfera. _910592 |
| 650 | 1 | 4 |
_aBiogeografía. _910573 |
| 830 | 0 |
_aBiblioteca científica Salvat ; _v77 _9177703 |
|
| 852 |
_aES-MaACL _jL-14160 _bR.117748 _z. - rust. |
||
| 999 |
_c6937 _d6937 |
||